[Event "SN-2017-0-00866"]
[Site "LSS email"]
[Date "2017.07.12"]
[Round "?"]
[White "Lenz, Juergen"]
[Black "Vontina, Maria"]
[Result "0-1"]
[WhiteElo "1122"]
[BlackElo "686"]
[PlyCount "24"]
[EventDate "2017.06.27"]
[EventType "tourn (corr)"]
[EventRounds "6"]
[EventCountry "GER"]
[SourceTitle "Corr 2022"]
[Source "ChessBase"]
[SourceDate "2021.10.24"]
[SourceVersion "1"]
[SourceVersionDate "2021.10.24"]
[SourceQuality "1"]

1. d4 Nf6 2. Nf3 d5 3. Bf4 Bg4 4. Ne5 Bh5 5. c4 c6 6. Qb3 Qc8 7. e3 e6 8. Nc3 Be7 9. Rc1 0-0 10. Bd3 Bg6 11. Bxg6 hxg6 12. cxd5 exd5 0-1

[Event "LSS No Engine Cup 171 Preliminary 0"]
[Site "LSS email"]
[Date "2017.07.10"]
[Round "?"]
[White "Lenz, Juergen"]
[Black "Suarez, Idalmis"]
[Result "0-1"]
[WhiteElo "1349"]
[BlackElo "1600"]
[PlyCount "26"]
[EventDate "2017.07.11"]
[EventType "tourn (corr)"]
[EventRounds "6"]
[EventCountry "GER"]
[SourceTitle "Corr 2022"]
[Source "ChessBase"]
[SourceDate "2021.10.24"]
[SourceVersion "1"]
[SourceVersionDate "2021.10.24"]
[SourceQuality "1"]

1. d4 d5 2. Nf3 e6 3. Bf4 c6 4. e3 f5 5. Ne5 Nf6 6. Nd2 Nbd7 7. Bd3 Nxe5 8. Bxe5 Bd6 9. Nf3 Bxe5 10. Nxe5 0-0 11. 0-0 Nd7 12. f4 Nxe5 13. fxe5 c5 0-1

[Event "LSS No Engine Cup 171 Preliminary 0"]
[Site "LSS email"]
[Date "2017.07.10"]
[Round "?"]
[White "Townsend, John"]
[Black "Lenz, Juergen"]
[Result "1-0"]
[WhiteElo "1861"]
[BlackElo "1349"]
[PlyCount "23"]
[EventDate "2017.07.11"]
[EventType "tourn (corr)"]
[EventRounds "6"]
[EventCountry "GER"]
[SourceTitle "Corr 2022"]
[Source "ChessBase"]
[SourceDate "2021.10.24"]
[SourceVersion "1"]
[SourceVersionDate "2021.10.24"]
[SourceQuality "1"]

1. e4 d5 2. exd5 Qxd5 3. Nc3 Qa5 4. d4 c6 5. Nf3 Nf6 6. Bc4 Bf5 7. Bd2 Qc7 8. Qe2 e6 9. 0-0-0 Bd6 10. Rhe1 0-0 11. Nh4 Bg6 12. Nxg6 1-0

[Event "SN-2017-0-00865"]
[Site "LSS email"]
[Date "2017.07.09"]
[Round "?"]
[White "Wiehl, Hans"]
[Black "Lenz, Juergen"]
[Result "1-0"]
[WhiteElo "648"]
[BlackElo "1138"]
[PlyCount "27"]
[EventDate "2017.06.24"]
[EventType "tourn (corr)"]
[EventRounds "6"]
[EventCountry "GER"]
[SourceTitle "Corr 2022"]
[Source "ChessBase"]
[SourceDate "2021.10.24"]
[SourceVersion "1"]
[SourceVersionDate "2021.10.24"]
[SourceQuality "1"]

1. e4 d5 2. d3 dxe4 3. dxe4 Qxd1+ 4. Kxd1 Nf6 5. Nc3 c6 6. f3 e5 7. f4 Ng4 8. Nh3 Bd6 9. f5 g6 10. Bc4 f6 11. Bd2 gxf5 12. Be2 f4 13. Bxg4 Bxg4+ 14. Ne2 1-0

[Event "SN-2017-0-00864"]
[Site "LSS email"]
[Date "2017.07.07"]
[Round "?"]
[White "Lenz, Juergen"]
[Black "Lombardi, Donato"]
[Result "0-1"]
[WhiteElo "1163"]
[BlackElo "876"]
[PlyCount "28"]
[EventDate "2017.06.18"]
[EventType "tourn (corr)"]
[EventRounds "6"]
[EventCountry "GER"]
[SourceTitle "Corr 2022"]
[Source "ChessBase"]
[SourceDate "2021.10.24"]
[SourceVersion "1"]
[SourceVersionDate "2021.10.24"]
[SourceQuality "1"]

1. d4 e5 2. dxe5 Nc6 3. Nf3 Qe7 4. g3 Nxe5 5. Nxe5 Qxe5 6. Bg2 Nf6 7. 0-0 d5 8. Nc3 Bb4 9. Bf4 Qe7 10. Nb5 Ba5 11. b4 Bb6 12. e3 0-0 13. Nd4 Bg4 14. Qd3 Qd7 0-1

[Event "SN-2017-0-00864"]
[Site "LSS email"]
[Date "2017.07.07"]
[Round "?"]
[White "Lenz, Juergen"]
[Black "Verich, Oleg"]
[Result "0-1"]
[WhiteElo "1163"]
[BlackElo "1083"]
[PlyCount "22"]
[EventDate "2017.06.18"]
[EventType "tourn (corr)"]
[EventRounds "6"]
[EventCountry "GER"]
[SourceTitle "Corr 2022"]
[Source "ChessBase"]
[SourceDate "2021.10.24"]
[SourceVersion "1"]
[SourceVersionDate "2021.10.24"]
[SourceQuality "1"]

1. d4 Nf6 2. Nf3 e6 3. Bf4 Be7 4. e3 0-0 5. Bd3 d5 6. Ne5 c5 7. c3 c4 8. Bc2 Nc6 9. Nd2 Nd7 10. Nxc6 bxc6 11. e4 Qb6 0-1

[Event "SN-2017-0-00864"]
[Site "LSS email"]
[Date "2017.07.07"]
[Round "?"]
[White "Pliska, Miroslav"]
[Black "Lenz, Juergen"]
[Result "1-0"]
[WhiteElo "1100"]
[BlackElo "1163"]
[PlyCount "43"]
[EventDate "2017.06.18"]
[EventType "tourn (corr)"]
[EventRounds "6"]
[EventCountry "GER"]
[SourceTitle "Corr 2022"]
[Source "ChessBase"]
[SourceDate "2021.10.24"]
[SourceVersion "1"]
[SourceVersionDate "2021.10.24"]
[SourceQuality "1"]

1. f4 f5 2. Nf3 g6 3. b3 Bg7 4. Nc3 Nf6 5. Bb2 Ne4 6. e3 Nxc3 7. Bxc3 Bxc3 8. dxc3 0-0 9. Ng5 h6 10. Nf3 d6 11. Be2 Nc6 12. 0-0 Kg7 13. Bb5 Bd7 14. Qe2 a6 15. Bxc6 bxc6 16. Rad1 Qe8 17. e4 Qf7 18. e5 d5 19. Rfe1 e6 20. Qf2 Qe7 21. Re3 c5 22. Nh4 1-0

[Event "RN-2017-0-01309"]
[Site "LSS email"]
[Date "2017.07.05"]
[Round "?"]
[White "Lombardi, Donato"]
[Black "Lenz, Juergen"]
[Result "1-0"]
[WhiteElo "848"]
[BlackElo "1129"]
[PlyCount "59"]
[EventDate "2017.06.25"]
[EventType "tourn (corr)"]
[EventRounds "6"]
[EventCountry "GER"]
[SourceTitle "Corr 2022"]
[Source "ChessBase"]
[SourceDate "2021.10.24"]
[SourceVersion "1"]
[SourceVersionDate "2021.10.24"]
[SourceQuality "1"]

1. e4 d5 2. exd5 Qxd5 3. Nf3 c5 4. c4 Qd6 5. Nc3 Nf6 6. d4 Bg4 7. Be2 Nc6 8. d5 Bxf3 9. Bxf3 Nd4 10. Bg5 Qe5+ 11. Be3 e6 12. 0-0 Nxf3+ 13. Qxf3 Bd6 14. g3 exd5 15. Bxc5 0-0 16. Bxd6 Qxd6 17. Nxd5 Nxd5 18. Qxd5 Qf6 19. Qxb7 Rfb8 20. Qe4 Re8 21. Qc2 Rab8 22. b3 Qf3 23. Rfe1 h5 24. Rac1 h4 25. Rxe8+ Rxe8 26. c5 Re2 27. Qxe2 Qxe2 28. c6 Qe8 29. b4 Qc8 30. a4 1-0

[Event "SN-2017-0-00863"]
[Site "LSS email"]
[Date "2017.07.05"]
[Round "?"]
[White "Neuhausen, Rainer"]
[Black "Lenz, Juergen"]
[Result "0-1"]
[WhiteElo "1153"]
[BlackElo "1131"]
[PlyCount "40"]
[EventDate "2017.06.14"]
[EventType "tourn (corr)"]
[EventRounds "6"]
[EventCountry "GER"]
[SourceTitle "Corr 2022"]
[Source "ChessBase"]
[SourceDate "2021.10.24"]
[SourceVersion "1"]
[SourceVersionDate "2021.10.24"]
[SourceQuality "1"]

1. d4 c5 2. d5 g6 3. Nf3 Bg7 4. d6 Nc6 5. dxe7 Qxe7 6. e3 Nf6 7. Bb5 0-0 8. 0-0 d5 9. Nc3 Be6 10. Bd2 a6 11. Bxc6 bxc6 12. Ne5 Qc7 13. Nf3 Rad8 14. Na4 c4 15. Nc5 Bc8 16. Nd4 Nd7 17. Nxd7 Bxd7 18. c3 c5 19. Nc2 Bf5 20. Qf3 Bxc2 0-1

[Event "RF-2017-0-00395"]
[Site "LSS email"]
[Date "2017.07.03"]
[Round "?"]
[White "Chura, Michal"]
[Black "Lenz, Juergen"]
[Result "1-0"]
[WhiteElo "1181"]
[BlackElo "1167"]
[PlyCount "77"]
[EventDate "2017.06.19"]
[EventType "tourn (corr)"]
[EventRounds "6"]
[EventCountry "GER"]
[SourceTitle "Corr 2022"]
[Source "ChessBase"]
[SourceDate "2021.10.24"]
[SourceVersion "1"]
[SourceVersionDate "2021.10.24"]
[SourceQuality "1"]

1. f4 f5 2. Nf3 g6 3. e3 Bg7 4. Be2 Nf6 5. 0-0 0-0 6. c3 c5 7. Ng5 h6 8. Nf3 Nc6 9. d4 cxd4 10. exd4 e6 11. Nbd2 d5 12. Ne5 Ne4 13. Nxg6 Rf6 14. Ne5 Nxe5 15. fxe5 Rg6 16. Nxe4 dxe4 17. Bh5 Rg5 18. Bxg5 hxg5 19. Qb3 Kh7 20. Be2 b6 21. Bc4 Qe7 22. Rae1 Rb8 23. Re3 b5 24. Rh3+ Kg6 25. Be2 Bh6 26. Qd1 b4 27. c4 Bd7 28. c5 Bc6 29. Bc4 g4 30. Rg3 Kf7 31. Rxf5+ Ke8 32. Rh5 Bf4 33. Rxg4 Be3+ 34. Kh1 Kd7 35. Rgh4 Rf8 36. d5 exd5 37. Rxe4 Bxc5 38. Bxd5 Kc7 39. Bxc6 1-0

[Event "RF-2017-0-00394"]
[Site "LSS email"]
[Date "2017.07.02"]
[Round "?"]
[White "Hoehne, Micha"]
[Black "Lenz, Juergen"]
[Result "1-0"]
[WhiteElo "1870"]
[BlackElo "1133"]
[PlyCount "49"]
[EventDate "2017.06.16"]
[EventType "tourn (corr)"]
[EventRounds "6"]
[EventCountry "GER"]
[SourceTitle "Corr 2022"]
[Source "ChessBase"]
[SourceDate "2021.10.24"]
[SourceVersion "1"]
[SourceVersionDate "2021.10.24"]
[SourceQuality "1"]

1. Nc3 d5 2. d4 Bf5 3. Nf3 Nf6 4. Bf4 c6 5. e3 e6 6. Bd3 Bd6 7. Ne5 0-0 8. 0-0 Ne4 9. Bxe4 Bxe4 10. Nxe4 dxe4 11. f3 exf3 12. Qxf3 f6 13. Nc4 Bxf4 14. Qxf4 Na6 15. Qd6 Qe8 16. c3 Rd8 17. Qg3 b5 18. Na5 Rf7 19. a4 c5 20. axb5 Qxb5 21. b3 cxd4 22. exd4 Re8 23. Nc4 Qxb3 24. Nd6 Nc7 25. Nxf7 1-0

[Event "RF-2017-0-00394"]
[Site "LSS email"]
[Date "2017.07.02"]
[Round "?"]
[White "Lenz, Juergen"]
[Black "Couspeyre, Thierry"]
[Result "0-1"]
[WhiteElo "1133"]
[BlackElo "1310"]
[PlyCount "38"]
[EventDate "2017.06.16"]
[EventType "tourn (corr)"]
[EventRounds "6"]
[EventCountry "GER"]
[SourceTitle "Corr 2022"]
[Source "ChessBase"]
[SourceDate "2021.10.24"]
[SourceVersion "1"]
[SourceVersionDate "2021.10.24"]
[SourceQuality "1"]

1. d4 f5 2. Nc3 e6 3. e4 fxe4 4. Nxe4 Nc6 5. Nf3 Be7 6. Bd3 Nf6 7. c3 0-0 8. Qc2 h6 9. h4 d6 10. Neg5 e5 11. dxe5 Nxe5 12. Nxe5 dxe5 13. Be3 Bg4 14. f3 Nd5 15. Bc4 Bf5 16. Ne4 Bxh4+ 17. Ke2 Kh8 18. Bxd5 Qxd5 19. Rxh4 Rad8 0-1

[Event "RF-2017-0-00394"]
[Site "LSS email"]
[Date "2017.07.02"]
[Round "?"]
[White "Shim Ng Min, Francis"]
[Black "Lenz, Juergen"]
[Result "1-0"]
[WhiteElo "1142"]
[BlackElo "1133"]
[PlyCount "43"]
[EventDate "2017.06.16"]
[EventType "tourn (corr)"]
[EventRounds "6"]
[EventCountry "GER"]
[SourceTitle "Corr 2022"]
[Source "ChessBase"]
[SourceDate "2021.10.24"]
[SourceVersion "1"]
[SourceVersionDate "2021.10.24"]
[SourceQuality "1"]

1. e4 d5 2. exd5 Qxd5 3. Nc3 Qa5 4. d4 c6 5. Nf3 Nf6 6. Bd3 Bg4 7. h3 Bh5 8. g4 Bg6 9. Bxg6 hxg6 10. Ng5 e6 11. Qe2 Be7 12. Bd2 Qc7 13. 0-0-0 Nbd7 14. Rde1 Nb6 15. f4 Nfd5 16. Nxd5 cxd5 17. Nxf7 Kxf7 18. Qxe6+ Kf8 19. f5 g5 20. f6 gxf6 21. Bxg5 Qc6 22. Qxe7+ 1-0

[Event "OP-2017-0-04378"]
[Site "LSS email"]
[Date "2017.06.27"]
[Round "?"]
[White "Lenz, Juergen"]
[Black "Abascal Perez, Arturo"]
[Result "0-1"]
[WhiteElo "1145"]
[BlackElo "800"]
[PlyCount "24"]
[EventDate "2017.06.22"]
[EventType "tourn (corr)"]
[EventRounds "4"]
[EventCountry "GER"]
[SourceTitle "Corr 2022"]
[Source "ChessBase"]
[SourceDate "2021.10.24"]
[SourceVersion "1"]
[SourceVersionDate "2021.10.24"]
[SourceQuality "1"]

1. d4 d5 2. Nf3 Nc6 3. Bf4 Bg4 4. Ne5 Nxe5 5. Bxe5 c6 6. c4 dxc4 7. Nc3 f6 8. Bg3 Qb6 9. Qd2 Rd8 10. e3 e5 11. f3 Be6 12. Bf2 Bb4 0-1

[Event "OP-2017-0-04378"]
[Site "LSS email"]
[Date "2017.06.27"]
[Round "?"]
[White "Lenz, Juergen"]
[Black "Firnhaber, Ingo"]
[Result "0-1"]
[WhiteElo "1145"]
[BlackElo "2408"]
[PlyCount "48"]
[EventDate "2017.06.22"]
[EventType "tourn (corr)"]
[EventRounds "4"]
[EventCountry "GER"]
[SourceTitle "Corr 2022"]
[Source "ChessBase"]
[SourceDate "2021.10.24"]
[SourceVersion "1"]
[SourceVersionDate "2021.10.24"]
[SourceQuality "1"]

1. d4 f5 2. Nc3 Nf6 3. Bg5 d5 4. Bxf6 exf6 5. e3 Be6 6. Bd3 Nc6 7. Qf3 Qd7 8. Nge2 Nb4 9. 0-0-0 Nxd3+ 10. cxd3 h5 11. Nf4 Bf7 12. h4 0-0-0 13. Nh3 Be7 14. Kb1 g5 15. Qe2 Rde8 16. Qc2 f4 17. exf4 gxh4 18. f3 Qf5 19. Rhe1 Rhg8 20. Re2 c6 21. Rde1 Bd8 22. Na4 Rxg2 23. Nc5 Rgxe2 24. Rxe2 Qxh3 0-1

[Event "RN-2017-0-01305"]
[Site "LSS email"]
[Date "2017.06.26"]
[Round "?"]
[White "Semenov, Zhenya"]
[Black "Lenz, Juergen"]
[Result "1-0"]
[WhiteElo "873"]
[BlackElo "1159"]
[PlyCount "49"]
[EventDate "2017.06.13"]
[EventType "tourn (corr)"]
[EventRounds "6"]
[EventCountry "GER"]
[SourceTitle "Corr 2022"]
[Source "ChessBase"]
[SourceDate "2021.10.24"]
[SourceVersion "1"]
[SourceVersionDate "2021.10.24"]
[SourceQuality "1"]

1. Nf3 Nf6 2. g3 d5 3. d4 Bf5 4. Nc3 c6 5. Bg2 e6 6. 0-0 h6 7. Bf4 Bd6 8. Ne5 0-0 9. a3 Qc7 10. Nd3 Bxf4 11. Nxf4 Nbd7 12. f3 e5 13. dxe5 Qxe5 14. Nd3 Qc7 15. e4 dxe4 16. fxe4 Bg4 17. Bf3 Bxf3 18. Qxf3 Ne5 19. Nxe5 Qxe5 20. Rad1 Rad8 21. b4 a5 22. Qe3 axb4 23. axb4 Ng4 24. Qe1 Qe6 25. Qe2 1-0

[Event "SN-2017-0-00861"]
[Site "LSS email"]
[Date "2017.06.25"]
[Round "?"]
[White "Amuso, Jose Alberto"]
[Black "Lenz, Juergen"]
[Result "1-0"]
[WhiteElo "834"]
[BlackElo "1178"]
[PlyCount "37"]
[EventDate "2017.06.10"]
[EventType "tourn (corr)"]
[EventRounds "6"]
[EventCountry "GER"]
[SourceTitle "Corr 2022"]
[Source "ChessBase"]
[SourceDate "2021.10.24"]
[SourceVersion "1"]
[SourceVersionDate "2021.10.24"]
[SourceQuality "1"]

1. Nf3 Nf6 2. Nc3 d5 3. d4 Bf5 4. Bg5 Nbd7 5. g3 h6 6. Bxf6 Nxf6 7. Bg2 e6 8. a3 c5 9. b3 Be7 10. 0-0 0-0 11. Re1 Rc8 12. Nd2 cxd4 13. Nb5 Qb6 14. a4 a6 15. Na3 Bxa3 16. Rxa3 Bxc2 17. Qa1 e5 18. Nf1 e4 19. Qb2 1-0

[Event "RN-2017-0-01304"]
[Site "LSS email"]
[Date "2017.06.24"]
[Round "?"]
[White "Lenz, Juergen"]
[Black "Neuhausen, Rainer"]
[Result "0-1"]
[WhiteElo "1163"]
[BlackElo "1164"]
[PlyCount "38"]
[EventDate "2017.06.11"]
[EventType "tourn (corr)"]
[EventRounds "6"]
[EventCountry "GER"]
[SourceTitle "Corr 2022"]
[Source "ChessBase"]
[SourceDate "2021.10.24"]
[SourceVersion "1"]
[SourceVersionDate "2021.10.24"]
[SourceQuality "1"]

1. d4 d5 2. Nf3 Nf6 3. Bf4 e6 4. e3 Bd6 5. Ne5 Nbd7 6. Nd2 b6 7. Bd3 Bb7 8. Qf3 Qe7 9. g4 0-0-0 10. a4 a5 11. c4 dxc4 12. Be4 Nxe4 13. Nxe4 Bb4+ 14. Ke2 c3 15. bxc3 Bxc3 16. Rac1 Ba6+ 17. Kd1 Bb7 18. Rxc3 Nc5 19. Rxc5 bxc5 0-1

[Event "SN-2017-0-00861"]
[Site "LSS email"]
[Date "2017.06.24"]
[Round "?"]
[White "Semenov, Zhenya"]
[Black "Lenz, Juergen"]
[Result "1-0"]
[WhiteElo "873"]
[BlackElo "1178"]
[PlyCount "41"]
[EventDate "2017.06.10"]
[EventType "tourn (corr)"]
[EventRounds "6"]
[EventCountry "GER"]
[SourceTitle "Corr 2022"]
[Source "ChessBase"]
[SourceDate "2021.10.24"]
[SourceVersion "1"]
[SourceVersionDate "2021.10.24"]
[SourceQuality "1"]

1. e4 d5 2. exd5 Qxd5 3. Nf3 c5 4. c4 Qd8 5. Be2 Nc6 6. 0-0 Nf6 7. Nc3 Bf5 8. a3 e6 9. d3 h6 10. Qc2 Be7 11. Bf4 0-0 12. Rad1 Qa5 13. Qa4 Qxa4 14. Nxa4 b6 15. Nc3 Rfd8 16. Nb5 Rd7 17. Ne5 Nxe5 18. Bxe5 a6 19. Nc3 Rad8 20. Na4 b5 21. cxb5 1-0

[Event "SN-2017-0-00861"]
[Site "LSS email"]
[Date "2017.06.23"]
[Round "?"]
[White "Newton, Daryl"]
[Black "Lenz, Juergen"]
[Result "0-1"]
[WhiteElo "345"]
[BlackElo "1178"]
[PlyCount "78"]
[EventDate "2017.06.10"]
[EventType "tourn (corr)"]
[EventRounds "6"]
[EventCountry "GER"]
[SourceTitle "Corr 2022"]
[Source "ChessBase"]
[SourceDate "2021.10.24"]
[SourceVersion "1"]
[SourceVersionDate "2021.10.24"]
[SourceQuality "1"]

1. d4 Nf6 2. Nf3 c5 3. c3 b6 4. Bf4 Bb7 5. Qb3 e6 6. Nbd2 d5 7. Ne5 Be7 8. e3 0-0 9. Bd3 c4 10. Nexc4 dxc4 11. Nxc4 Nd5 12. Be5 Nd7 13. Bxg7 Kxg7 14. Qd1 f5 15. Qf3 Kh8 16. Qg3 Rg8 17. Qh3 Ba6 18. e4 Nf4 19. Qf3 Nxd3+ 20. Qxd3 fxe4 21. Qe2 Nf6 22. b3 Rxg2 23. Qd2 Bxc4 24. bxc4 Ng4 25. 0-0-0 Bg5 26. Kc2 Rxf2 27. Rhe1 e3 28. Qxf2 exf2 29. Rxe6 Ne3+ 30. Rxe3 Bxe3 31. Kd3 Qg5 32. d5 Qg1 33. Ke2 Qxd1+ 34. Kxd1 f1Q+ 35. Kc2 Qe2+ 36. Kb3 Rc8 37. d6 Qxc4+ 38. Kc2 Qxc3+ 39. Kd1 Qd2# 0-1